000 00325cam a22001337a 4500
008 180718b1961 xxu||||| |||| 00| 0 eng d
082 _aA60 H511
100 _aHexter, J.H.
245 _aReappraisals in history
_cby J.H. Hexter
260 _aLondon
_bLongmans
_c1961
300 _a214p.
500 _a30/-
650 _aHistory
999 _c368321
_d368321